Jeux Olympiques 1980 - Pays participants - Statistiques

Statistiques générales
  • Ce quiz a été pris 13 fois
  • Le résultat moyen est 71 sur 101
Réponses sur la Carte
Les réponses sont colorées sur une échelle allant du rouge au vert en fonction du pourcentage des utilisateurs qui les ont devinées à leur premier essai. Vous pouvez retrouver ces pourcentages ci-dessous.
 
Statistiques - réponses
Nombre d'athlètes Pays % Correct
362 Allemagne de l'Est
100%
125 France
100%
231 Royaume-Uni
100%
126 Australie
90%
124 Finlande
90%
42 Grèce
90%
74 Inde
90%
48 Irlande
90%
09 Islande
90%
163 Italie
90%
148 Suède
90%
84 Suisse
90%
506 URSS
90%
59 Algérie
80%
89 Autriche
80%
109 Brésil
80%
295 Bulgarie
80%
26 Cameroun
80%
63 Danemark
80%
155 Espagne
80%
05 Nouvelle-Zélande
80%
86 Pays-Bas
80%
30 Pérou
80%
320 Pologne
80%
11 Portugal
80%
23 République du Congo
80%
243 Roumanie
80%
32 Sénégal
80%
162 Yougoslavie
80%
02 Andorre
70%
13 Angola
70%
61 Belgique
70%
23 Colombie
70%
11 Equateur
70%
41 Ethiopie
70%
09 Guinée
70%
08 Guyana
70%
279 Hongrie
70%
17 Liban
70%
08 Malte
70%
45 Mexique
70%
216 Tchécoslovaquie
70%
38 Venezuela
70%
17 Bénin
60%
02 Birmanie
60%
44 Irak
60%
18 Jamaïque
60%
32 Libye
60%
03 Luxembourg
60%
43 Mongolie
60%
44 Nigeria
60%
13 Ouganda
60%
41 Tanzanie
60%
30 Vietnam
60%
14 Chypre
50%
50 Corée du Nord
50%
30 Costa Rica
50%
216 Cuba
50%
10 Guatemala
50%
04 Jordanie
50%
11 Madagascar
50%
07 Mali
50%
05 Nicaragua
50%
06 République dominicaine
50%
69 Syrie
50%
09 Trinité-et-Tobago
50%
40 Zambie
50%
11 Afghanistan
40%
19 Laos
40%
14 Mozambique
40%
11 Népal
40%
17 Saint-Marin
40%
04 Sri Lanka
40%
46 Zimbabwe
40%
07 Botswana
30%
58 Koweït
30%
05 Lesotho
30%
14 Sierra Leone
30%
11 Seychelles
20%
Aucun quiz correspondant
Distribution des résultats
% des personnes avec chaque résultat
Percentile par nombre de réponses
Votre historique - résultats
Vous n’avez pas pris ce quiz